Geometrical methods of mathematical physics
Gardado en:
| Autor Principal: | |
|---|---|
| Formato: | Libro |
| Idioma: | inglés |
| Publicado: |
Cambridge
Cambridge University
1980
|
| Subjects: | |
| Tags: |
Engadir etiqueta
Sen Etiquetas, Sexa o primeiro en etiquetar este rexistro!
|
MARC
| LEADER | 00000nam a2200000 a 4500 | ||
|---|---|---|---|
| 001 | UCX1509 | ||
| 003 | CL-VaPUC | ||
| 008 | 900906e19800000UK |||||||||||||||||eng|d | ||
| 020 | |a 0521298873 | ||
| 082 | 0 | 4 | |a 530.15 |b SCH |2 21 |
| 100 | 0 | |a Schutz, Bernard F |e author |9 317007 | |
| 245 | 1 | 0 | |a Geometrical methods of mathematical physics |
| 300 | |a 250 p | ||
| 942 | |c BK | ||
| 945 | |d 19900906 00:00:00 | ||
| 260 | |a Cambridge |b Cambridge University |c 1980 | ||
| 650 | 0 | |a Geometría diferencial |9 315147 | |
| 650 | 0 | |a Física matemática |9 260981 | |
| 583 | |a last modification |c 20120708 09:42:51 |k Rodrigo Vera | ||
| 999 | |c 222720 |d 222718 | ||
| 952 | |0 0 |1 0 |4 0 |6 530_150000000000000_SCH_1980 |7 0 |8 A |9 217860 |a BIBCUR |b BIBCUR |d 2019-11-15 |i 4026411 |o 530.15 SCH 1980 |p 4026411 |r 2025-04-22 |w 2019-11-15 |y BK |k FIS | ||